Las esculturas del Africa negra / (Registro nro. 116539)

Detalles MARC
000 -LEADER
campo de control de longitud fija 00664nam a2200205 4500
001 - NÚMERO DE CONTROL
campo de control 116539
003 - IDENTIFICADOR DE NÚMERO DE CONTROL
campo de control ES-MaACL
007 - CAMPO FIJO DE DESCRIPCIÓN FÍSICA--INFORMACIÓN GENERAL
campo de control de longitud fija t|
008 - DATOS DE LONGITUD FIJA--INFORMACIÓN GENERAL
campo de control de longitud fija 061121s1974 mx r ||||1| spa d
100 1# - ENTRADA PRINCIPAL--NOMBRE DE PERSONA
Nombre de persona Paulme, Denise.
9 (RLIN) 89658
245 14 - MENCIÓN DEL TÍTULO
Título Las esculturas del Africa negra /
Mención de responsabilidad, etc. por Denise Paulme ; traducción de Francisco González Aramburo.
250 ## - MENCION DE EDICION
Mención de edición 1ª ed., 1ª reimp.
260 ## - PUBLICACIÓN, DISTRIBUCIÓN, ETC.
Lugar de publicación, distribución, etc. México :
Nombre del editor, distribuidor, etc. Fondo de Cultura Económica,
Fecha de publicación, distribución, etc. 1974.
300 ## - DESCRIPCIÓN FÍSICA
Extensión 172 p., 32 lám. :
Otras características físicas il. ;
Dimensiones 18 cm.
490 1# - MENCIÓN DE SERIE
Mención de serie Breviarios
700 1# - ENTRADA AGREGADA--NOMBRE PERSONAL
Nombre de persona González Aramburo, Francisco.
9 (RLIN) 58429
830 0# - PUNTO DE ACCESO ADICIONAL DE SERIE-TÍTULO UNIFORME
Título uniforme Breviarios
9 (RLIN) 186377
852 ## - LOCALIZACIÓN
Ubicación ES-MaACL
Número de control de estantería E-8709
Sublocalización o colección R.93033
Existencias
Estatus retirado Estado de pérdida Estado de daño No para préstamo Biblioteca de origen Biblioteca actual Ubicación en estantería Fecha de adquisición Fuente de adquisición Total de préstamos Signatura topográfica completa Código de barras Visto por última vez Precio de reemplazo Tipo de ítem Koha
        Biblioteca del Ateneo de Madrid Biblioteca del Ateneo de Madrid Depósito 2 17/01/2008     E-8709 1121521 23/02/2023 23/02/2023 Libro impreso